The Calvert papers. (Record no. 52555)

MARC details
000 -LEADER
fixed length control field 01709cam a22002771 4500
001 - CONTROL NUMBER
control field rc 01003364
003 - CONTROL NUMBER IDENTIFIER
control field DLC
005 - DATE AND TIME OF LATEST TRANSACTION
control field 20260227111909.0
007 - PHYSICAL DESCRIPTION FIXED FIELD--GENERAL INFORMATION
fixed length control field cr |||||||||||
008 - FIXED-LENGTH DATA ELEMENTS--GENERAL INFORMATION
fixed length control field 810826m18891899mdubfi 000 0 eng
010 ## - LIBRARY OF CONGRESS CONTROL NUMBER
LC control number rc 01003364
040 ## - CATALOGING SOURCE
Original cataloging agency DLC
Transcribing agency CarP
Modifying agency DLC
043 ## - GEOGRAPHIC AREA CODE
Geographic area code n-us-md
050 00 - LIBRARY OF CONGRESS CALL NUMBER
Classification number F176
Item number .M37 No. 28, 34, 35
051 ## - LIBRARY OF CONGRESS COPY, ISSUE, OFFPRINT STATEMENT
Classification number F184
Item number .C16
245 04 - TITLE STATEMENT
Title The Calvert papers.
Number of part/section of a work no. 1-3
260 ## - PUBLICATION, DISTRIBUTION, ETC.
Place of publication, distribution, etc. Baltimore
Name of publisher, distributor, etc. [J. Murphy & co.,
-- printers]
Date of publication, distribution, etc. 1889-99.
300 ## - PHYSICAL DESCRIPTION
Extent 3 v.
Other physical details plates, 2 fold. maps, 2 col. coats of arms (incl front. : v. 2)
Dimensions 25 cm.
505 0# - FORMATTED CONTENTS NOTE
Formatted contents note no. 1. The Calvert papers. With an account of their recovery, and presentation of the society, December 10th, 1888. Together with a calendar of the papers recovered, and selections from the papers. Address of A. Ritchie. Remarks of J.H.B. Latrobe. Report of M. Cohen. Remarks of W.H. Browne. Exemplification of the arms of Sir G. Calvert. The patent of nobility of George, lord Baltimore. The will of Sir G. Calvert, lord Baltimore. The inventory of the estate of the same. A calendar of the Calvert papers, by J.W.M. Lee. The Calvert papers First selection.--no. 2. Selections from correspondence, 1719-1765.--no. 3. "A briefe relation of the voyage unto Maryland" [by Andrew White] and other papers.
530 ## - ADDITIONAL PHYSICAL FORM AVAILABLE NOTE
Additional physical form available note Also available in digital form on the Library of Congress Web site.
651 #0 - SUBJECT ADDED ENTRY--GEOGRAPHIC NAME
Geographic name Maryland
General subdivision History
Chronological subdivision Colonial period, ca. 1600-1775
Form subdivision Sources.
700 1# - ADDED ENTRY--PERSONAL NAME
Personal name Lee, John Wesley Murray,
Dates associated with a name 1848-1896 or 1897.
700 1# - ADDED ENTRY--PERSONAL NAME
Personal name White, Andrew,
Dates associated with a name 1579-1656.
856 41 - ELECTRONIC LOCATION AND ACCESS
Materials specified Volume 1
Path lhbcb
Electronic name 3364a
Electronic format type s
Uniform Resource Identifier <a href="http://hdl.loc.gov/loc.gdc/lhbcb.3364a">http://hdl.loc.gov/loc.gdc/lhbcb.3364a</a>
856 41 - ELECTRONIC LOCATION AND ACCESS
Materials specified Volume 3
Path lhbcb
Electronic name 3364b
Electronic format type s
Uniform Resource Identifier <a href="http://hdl.loc.gov/loc.gdc/lhbcb.3364b">http://hdl.loc.gov/loc.gdc/lhbcb.3364b</a>

No items available.

Powered by Koha